000
00281nam a2200121Ia 4500
005
20251222144818.0
008
251222s9999||||xx |||||||||||||| ||spa||
082
_a
150/A34
100
_a
Alava Curto, César
245
0
_a
Psicología General
264
_b
San Marcos
942
_c
LIB
999
_c
20389
_d
20389